| 000 | 00720cam a22002533a 4500 | ||
|---|---|---|---|
| 001 | 31504 | ||
| 003 | PGUSA | ||
| 005 | 20140828083700.0 | ||
| 008 | 100304s2010||||xxu|||||s|||||000 | eng d | ||
| 040 |
_aPGUSA _beng |
||
| 042 | _adc | ||
| 050 | 4 | _aK | |
| 100 | 1 |
_aEmery, Lucilius A. _q(Lucilius Alonzo), _d1840-1920 |
|
| 245 | 1 | 0 |
_aConcerning Justice _h[electronic resource] / _cLucilius A. Emery |
| 260 |
_bProject Gutenberg, _c2010 |
||
| 506 | _aPublic domain in the USA. | ||
| 516 | _aElectronic text | ||
| 653 | _aJustice | ||
| 653 | _aJustice, Administration of | ||
| 653 | _aCourts -- United States | ||
| 830 | 0 |
_aProject Gutenberg _v31504 |
|
| 856 | 4 | 0 | _uhttp://www.gutenberg.org/ebooks/31504 |
| 942 | _cEB | ||
| 999 |
_c260759 _d260759 |
||